Loading...
An introduction to plant diseases
| Hovedforfatter: | |
|---|---|
| Format: | Printed Book |
| Udgivet: |
London
John willey and sons
1969
|
| LEADER | 00426nam a22001217a 4500 | ||
|---|---|---|---|
| 082 | |a 571.92 WHE/I | ||
| 100 | |a Wheeler, B E J | ||
| 245 | |a An introduction to plant diseases | ||
| 260 | |a London |b John willey and sons |c 1969 | ||
| 300 | |a 2635 | ||
| 942 | |2 ddc |c BK | ||
| 999 | |c 295584 |d 295584 | ||
| 952 | |0 0 |1 0 |4 0 |6 571_920000000000000_WHE_I |7 0 |9 336109 |a BOT |b BOT |c ST1 |d 2011-05-16 |i 2635 |l 1 |o 571.92 WHE/I |p BOT2635 |r 2011-11-19 |s 2011-11-19 |w 2001-12-31 |y BK | ||